000 00823nam a2200229Ia 4500
003 0
005 20250130124134.0
008 150126s9999 xx 000 0 und d
050 _aPGS GV 1469.3
_b.F682 2014
100 _aFonte, Jeanne Patrice O.
245 _aVarsity membership and time management /
_cJeanne Patrice O. Fonte.
260 _aLas PiƱas City, Philippines :
_bSouthville International School and Colleges,
_c2014.
300 _a32 p. :
_bill. ;
_c28 cm.
504 _aIncludes bibliographical references.
650 _aTime Management.
650 _aStudent athletes
_vTime management.
650 _aExtracurricular activities
_vTime management.
650 _aSports
_vSocial aspects.
650 _aSports for children
650 _aElementary school students
_vTime management.
942 _2lcc
_cPASS
999 _c278579
_d278579